| 000 | 00604nam a2200241Ia 4500 | ||
|---|---|---|---|
| 003 | OSt | ||
| 005 | 20221005115549.0 | ||
| 006 | a|||||r|||| 00| 0 | ||
| 007 | ta | ||
| 008 | 221004b |||||||| |||| 00| 0 eng d | ||
| 024 | _a67286 | ||
| 037 | _cTextual | ||
| 040 |
_aCRL _cCRL _beng |
||
| 041 |
_2eng _aeng |
||
| 082 | _aV41:1:N5z7, K8 | ||
| 100 | _aMenon K P S | ||
| 245 | 0 |
_aChina _b Past and present |
|
| 260 | _c1968 | ||
| 490 | _aSarojini Naidu memorial lectures; 3 | ||
| 650 | _aHISTORY | ||
| 942 |
_hV41:1:N5z7, K8 _cTEXL _2cc |
||
| 999 |
_c1035212 _d1035212 |
||